| 000 | 00757nam a22002292a 4500 | ||
|---|---|---|---|
| 003 | AM-YeHGA | ||
| 005 | 20260316122601.0 | ||
| 008 | 100622s1919 ru |||| ||||||||| ||rus d | ||
| 040 | _aAM-YeHGA | ||
| 041 | 0 | _arus | |
| 100 | 1 | _aЩеголев, Павел Елисеевич | |
| 245 | 1 | 0 |
_aПетръ Григорьевичъ Каховскiй / _cСоч. П. Е. Щеголева. |
| 246 | 1 | 3 | _aПетр Григорьевич Каховский |
| 246 | 1 | 4 | _aКаховский |
| 260 |
_aМосква : _bАльциона, _c1919. |
||
| 300 |
_a[4], 153, [2] с. : _c20 см. |
||
| 490 | 1 | 0 | _aДекабристы |
| 600 | 1 | 4 | _aКаховский, П.Г. |
| 650 | 1 | 4 | _aДекабристы |
| 830 | 0 | _aДекабристы | |
| 942 |
_2udc _cBK |
||
| 999 |
_c434941 _d434941 |
||